Statistics for 3-Letter Scrabble Words that start with "C"

Click here to take the quiz!

General Stats

  • This quiz has been taken 2,440 times
  • The average score is 30 of 39

Answer Stats

Answer% Correct
can
98%
cat
98%
car
96%
cab
95%
cad
95%
cap
95%
cam
93%
con
91%
cop
91%
caw
90%
cot
90%
cow
89%
cod
86%
cut
86%
cob
84%
cog
83%
cor
83%
cay
82%
cup
82%
cos
81%
coy
81%
col
78%
cum
78%
cub
77%
cox
76%
cud
76%
cur
76%
coo
72%
cel
71%
cep
67%
cue
67%
coz
65%
cee
63%
cry
59%
cig
57%
cis
55%
chi
51%
cru
33%
cwm
7%

Score Distribution

Percentile by Number Answered

Percent of People with Each Score

Your Score History

You have not taken this quiz